Bioquímica: las bases moleculares de la estructura y función celular

محفوظ في:
التفاصيل البيبلوغرافية
المؤلف الرئيسي: Lehninger, Albert L (مؤلف)
التنسيق: كتاب
اللغة:الإسبانية
منشور في: Barcelona Omega 1972
الموضوعات:
الوسوم: إضافة وسم
لا توجد وسوم, كن أول من يضع وسما على هذه التسجيلة!

MARC

LEADER 00000nam a2200000 a 4500
001 UCR2989
003 CL-VaPUC
008 980123e19720000SP |||||||||||||||||spa|d
082 0 4 |a 572  |b LEH  |2 21 
100 |a Lehninger, Albert L  |e author  |9 482335 
245 1 0 |a Bioquímica: las bases moleculares de la estructura y función celular 
300 |a 887 p 
942 |c BK 
945 |d 19980123 00:00:00  |a jquezada 
260 |a Barcelona  |b Omega  |c 1972 
650 0 |a Bioquímica   |9 259492 
650 7 |a COMPONENTES MOLECULARES  |2 CL-VaPUC  |9 401606 
650 0 |a Agua  |9 257149 
650 7 |a PROTEINAS  |2 CL-VaPUC  |9 401607 
650 0 |a Enzimas  |9 262984 
650 7 |a CATABOLISMO  |2 CL-VaPUC  |9 401608 
650 7 |a BIOSINTESIS  |2 CL-VaPUC  |9 269567 
650 7 |a CARBOHIDRATOS  |2 CL-VaPUC  |9 306793 
650 7 |a INFORMACION GENETICA  |2 CL-VaPUC  |9 401609 
650 0 |a Cromosomas  |9 344073 
650 7 |a CODIGO GENETICO  |2 CL-VaPUC  |9 355252 
650 7 |a DNA  |2 CL-VaPUC  |9 401610 
583 |a last modification  |c 19980123 00:00:00  |k Rodrigo Vera 
999 |c 266106  |d 266104 
952 |0 0  |1 0  |4 0  |6 572_000000000000000_LEH_1972  |7 0  |8 A  |9 297427  |a BIBALI  |b BIBALI  |c GEN  |d 2019-11-20  |i 1442694  |o 572 LEH 1972  |p 1442694  |r 2025-01-20  |w 2019-11-20  |y BK  |k ALI